From many lands / (Record no. 129489)
[ view plain ]
| 000 -LEADER | |
|---|---|
| fixed length control field | 01072cam a2200301 a 4500 |
| 001 - CONTROL NUMBER | |
| control field | 12675335 |
| 003 - CONTROL NUMBER IDENTIFIER | |
| control field | ARRUPE |
| 005 - DATE AND TIME OF LATEST TRANSACTION | |
| control field | 20190430084725.0 |
| 008 - FIXED-LENGTH DATA ELEMENTS--GENERAL INFORMATION | |
| fixed length control field | 020204s2002 dcu b 000 0 eng d |
| 010 ## - LIBRARY OF CONGRESS CONTROL NUMBER | |
| LC control number | 2002328306 |
| 020 ## - INTERNATIONAL STANDARD BOOK NUMBER | |
| International Standard Book Number | 0821350498 |
| 035 ## - SYSTEM CONTROL NUMBER | |
| System control number | (OCoLC)ocm48927438 |
| 040 ## - CATALOGING SOURCE | |
| Original cataloging agency | UIU |
| Transcribing agency | UIU |
| Modifying agency | DLC |
| 042 ## - AUTHENTICATION CODE | |
| Authentication code | lccopycat |
| 050 00 - LIBRARY OF CONGRESS CALL NUMBER | |
| Classification number | HC79.P6 |
| Item number | V65 2002 |
| 082 00 - DEWEY DECIMAL CLASSIFICATION NUMBER | |
| Classification number | 305.5/69 |
| Edition number | 21 |
| 300 ## - PHYSICAL DESCRIPTION | |
| Dimensions | 24 cm. |
| 245 00 - TITLE STATEMENT | |
| Title | From many lands / |
| Statement of responsibility, etc | edited by Deepa Narayan, Patti Petesch. |
| 260 ## - PUBLICATION, DISTRIBUTION, ETC. (IMPRINT) | |
| Place of publication, distribution, etc | Washington, DC : |
| Name of publisher, distributor, etc | A copublication of Oxford University Press and the World Bank, |
| Date of publication, distribution, etc | c2002. |
| 300 ## - PHYSICAL DESCRIPTION | |
| Extent | xvi, 509 p. ; |
| 440 #0 - SERIES STATEMENT/ADDED ENTRY--TITLE | |
| Title | Voices of the poor |
| 9 (RLIN) | 46051 |
| 500 ## - GENERAL NOTE | |
| General note | "World Bank"--Cover. |
| 504 ## - BIBLIOGRAPHY, ETC. NOTE | |
| Bibliography, etc | Includes bibliographical references. |
| 650 #0 - SUBJECT ADDED ENTRY--TOPICAL TERM | |
| Topical term or geographic name as entry element | Poor |
| Form subdivision | Case studies. |
| 9 (RLIN) | 46052 |
| 650 #0 - SUBJECT ADDED ENTRY--TOPICAL TERM | |
| Topical term or geographic name as entry element | Poverty |
| Form subdivision | Case studies. |
| 9 (RLIN) | 46053 |
| 700 1# - ADDED ENTRY--PERSONAL NAME | |
| Personal name | Narayan-Parker, Deepa. |
| 9 (RLIN) | 46054 |
| 700 1# - ADDED ENTRY--PERSONAL NAME | |
| Personal name | Petesch, Patti L. |
| 9 (RLIN) | 46055 |
| 906 ## - LOCAL DATA ELEMENT F, LDF (RLIN) | |
| a | 7 |
| b | cbc |
| c | copycat |
| d | 2 |
| e | ncip |
| f | 20 |
| g | y-gencatlg |
| 942 ## - ADDED ENTRY ELEMENTS (KOHA) | |
| Source of classification or shelving scheme | Library of Congress Classification |
| Koha item type | Monograph ( Printed materials) |
| Withdrawn status | Lost status | Source of classification or shelving scheme | Damaged status | Not for loan | Collection code | Home library | Current library | Shelving location | Date acquired | Total Checkouts | Full call number | Barcode | Date last seen | Price effective from | Koha item type |
|---|---|---|---|---|---|---|---|---|---|---|---|---|---|---|---|
| Library of Congress Classification | Main Collection | ARRUPE LIBRARY | ARRUPE LIBRARY | Main Collection | 30/04/2019 | HC79.P6 V65 2002 | 46600004597 | 30/04/2019 | 30/04/2019 | Monograph ( Printed materials) |